Οδηγός σπουδών

Αποθηκεύτηκε σε:
Λεπτομέρειες βιβλιογραφικής εγγραφής
Συγγραφή απο Οργανισμό/Αρχή: Πανεπιστήμιο Αιγαίου Σχολή Ανθρωπιστικών Σπουδών Τμήμα Επιστημών Προσχολικής Αγωγής και Εκπαιδευτικού Σχεδιασμού
Άλλοι συγγραφείς: Κοντάκος, Αναστάσιος (Επιμελητής έκδοσης)
Μορφή: Βιβλίο
Γλώσσα:Greek
Δημοσίευση: Ρόδος : Πανεπιστήμιο Αιγαίου. Παιδαγωγικό Τμήμα Νηπιαγωγών, 2000
Θέματα:
Ετικέτες: Προσθήκη ετικέτας
Δεν υπάρχουν, Καταχωρήστε ετικέτα πρώτοι!

MARC

LEADER 00000cam a2200000 i 4500
001 1/60430
008 020408s2000 gre d
035 |l 10000677 
040 |a GR-MY-UA  |b gre  |e aacr 
041 0 |a gre 
082 0 |a 378.0025 
110 2 |a Πανεπιστήμιο Αιγαίου  |b Σχολή Ανθρωπιστικών Σπουδών  |b Τμήμα Επιστημών Προσχολικής Αγωγής και Εκπαιδευτικού Σχεδιασμού. 
245 1 0 |a Οδηγός σπουδών /  |c συντονισμός έκδοσης: Αναστάσιος Κοντάκος 
260 |a Ρόδος :   |b Πανεπιστήμιο Αιγαίου. Παιδαγωγικό Τμήμα Νηπιαγωγών,   |c 2000 
300 |a 171 σ.  |b εικ.+ χάρτες 
650 0 0 |a Universities and colleges  |x Graduate Work  |x Directories. 
700 1 |a Κοντάκος, Αναστάσιος.  |4 edt 
852 |a INST  |b CHIOS  |e 20020408  |h 378.0025 ΟΔΗ  |p 005200019821  |q 005200019821  |t REF  |y 23 
901 |a BIBL2-2002-1 
909 |a Χ  |b 099922 
970 |a ΠΟΥΛΑΚΗ  |b ΠΑΝΩΡΑΙΑ  |z 2002/04/08